7 kubanska målare : 29 oktober-27 november 1949 29 oktober-27 november 1949
Descripción Física:
23 pàg. : il. b/n ; 21 cm
Materias:
Liljevalchs konsthall (Estocolm, Suècia) -- Catàlegs
; Pintors -- Cuba -- Catàlegs
; Pintors -- Cuba -- Exposicions
; Fons Joan Junyer i Pascual (1909-1994)
; Fulletons
Idioma:
Swedish
MARC
| LEADER | 00000nam a22000007a 4500 | ||
|---|---|---|---|
| 001 | 24820 | ||
| 003 | AGDB | ||
| 005 | 20260324181536.0 | ||
| 008 | 251014b sw ||||| |||| 00| 0 swe d | ||
| 041 | |a swe | ||
| 245 | |a 7 kubanska målare : |b 29 oktober-27 november 1949 | ||
| 260 | |a Stockholm : |b [Viktor Pettersons Bokindustriaktiebolag] , |c 1949 | ||
| 300 | |a 23 pàg. : |b il. b/n ; |c 21 cm | ||
| 500 | |a Prové del fons Joan Junyer i Pascual (1909-1994) | ||
| 610 | 0 | |a Liljevalchs konsthall (Estocolm, Suècia) |9 72483 |v Catàlegs | |
| 650 | 0 | |a Pintors |2 Arxiu |z Cuba |9 40535 |v Catàlegs | |
| 650 | 0 | |a Pintors |2 Arxiu |y Cuba |9 40535 |v Exposicions | |
| 650 | 0 | |a Fons Joan Junyer i Pascual (1909-1994) |9 72777 | |
| 655 | 0 | |a Fulletons |9 55858 | |
| 710 | |a Liljevalchs konsthall (Estocolm, Suècia) |9 72483 | ||
| 942 | |2 udc |c ARXIU |n 1 | ||
| 952 | |0 0 |1 0 |4 0 |6 F50464 |7 1 |9 98459 |a Arxiu |b Arxiu |d 2025-10-14 |l 0 |o F-504-64 |p 24820 |r 2025-10-14 13:26:43 |w 2025-10-14 |y ARXIU | ||
| 999 | |c 130213 |d 130213 | ||